[Event "king's gambit for all"]
[Site "SchemingMind.com"]
[Date "2005.02.04"]
[Round "-"]
[White "Tyler"]
[Black "refutor"]
[Result "1-0"]
[WhiteCountry "SUI"]
[BlackCountry "CAN"]
[WhiteElo "1566"]
[WhiteRD "102"]
[BlackElo "1516"]
[BlackRD "54"]
[GameID "8291"]

1. e4 e5 2. f4 exf4 3. Nf3 g5 4. g3 g4 5. Nh4 d5 6. Nf5 Bxf5 7. exf5 Bc5 8. d4 Bd6 9. Qxg4 fxg3 10. hxg3 Nf6
11. Qe2+ Ne4 12. Bf4 Qe7 13. Bxd6 Qxd6 14. Rg1 Rg8 15. g4 Nd7 16. Nd2 O-O-O 17. O-O-O Qf4 18. Kb1 Nxd2+ 19. Rxd2 Nf6 20. Bh3 Ne4
21. Rd3 Rge8 22. Rf1 Qg5 23. Qd1 a6 24. Bg2 Qxg4 25. Qxg4 Nf6 26. Qg7
1-0

[Event "king's gambit for all"]
[Site "SchemingMind.com"]
[Date "2005.02.04"]
[Round "-"]
[White "refutor"]
[Black "Tyler"]
[Result "1-0"]
[WhiteCountry "CAN"]
[BlackCountry "SUI"]
[WhiteElo "1516"]
[WhiteRD "54"]
[BlackElo "1566"]
[BlackRD "102"]
[GameID "8292"]

1. e4 e5 2. f4 exf4 3. Bc4 Qh4+ 4. Kf1 Nf6 5. Nf3 Qg4 6. h3 Qh5 7. d4 d5 8. Bxd5 Nxd5 9. exd5 Qxd5 10. Nc3 Qc4+
11. Kf2 Be7 12. Re1 Kf8 13. Ne5 Qe6 14. Bxf4 Qf6 15. Nd5 Qf5 16. Kg1 Bd6 17. Rf1 Qe6 18. Qf3 f6 19. c4 c6 20. Nxf6 gxf6
21. Ng4 Nd7 22. Bxd6+ Qxd6 23. c5 Kg7 24. cxd6
1-0

[Event "king's gambit for all"]
[Site "SchemingMind.com"]
[Date "2005.02.11"]
[Round "-"]
[White "Spohn"]
[Black "refutor"]
[Result "1-0"]
[WhiteCountry "USA"]
[BlackCountry "CAN"]
[WhiteElo "1669"]
[WhiteRD "59"]
[BlackElo "1516"]
[BlackRD "54"]
[GameID "8662"]

1. e4 e5 2. f4 exf4 3. Nf3 g5 4. Bc4 g4 5. O-O gxf3 6. d4 d6 7. Qxf3 Qf6 8. e5 dxe5 9. Re1 Bd6 10. dxe5 Bxe5
11. Bxf4 Nc6 12. Bb5 Bd7 13. Bxc6 Bxc6 14. Qe3 O-O-O 15. Bxe5 Qg6 16. Qh3+ Bd7 17. Qc3 Bc6 18. Bg3 Nf6 19. Qa5 a6 20. Qxc7#
1-0

[Event "king's gambit for all"]
[Site "SchemingMind.com"]
[Date "2005.02.12"]
[Round "-"]
[White "Spohn"]
[Black "Tyler"]
[Result "0-1"]
[WhiteCountry "USA"]
[BlackCountry "SUI"]
[WhiteElo "1599"]
[WhiteRD "58"]
[BlackElo "1642"]
[BlackRD "86"]
[GameID "8663"]

1. e4 e5 2. f4 exf4 3. Nf3 d6 4. Bc4 Be6 5. Bxe6 fxe6 6. d4 Nf6 7. Nc3 Nbd7 8. Bxf4 Be7 9. Ng5 Nf8 10. Qe2 Qd7
11. O-O-O h6 12. Nh3 O-O-O 13. e5 Nd5 14. Nxd5 exd5 15. Rhf1 Ne6 16. Bd2 Nxd4 17. Qf2 dxe5 18. c3 Nc6 19. Qe2 Bf6 20. Nf2 d4
21. cxd4 Nxd4 22. Qc4 Rhf8 23. Ne4 Qe7 24. Nc5 Rd6 25. Nxb7 Rc6
0-1

[Event "king's gambit for all"]
[Site "SchemingMind.com"]
[Date "2005.02.11"]
[Round "-"]
[White "refutor"]
[Black "Spohn"]
[Result "0-1"]
[WhiteCountry "CAN"]
[BlackCountry "USA"]
[WhiteElo "1516"]
[WhiteRD "54"]
[BlackElo "1669"]
[BlackRD "59"]
[GameID "8664"]

1. e4 e5 2. f4 exf4 3. Nf3 Be7 4. Bc4 Bh4+ 5. Kf1 Be7 6. d4 g5 7. Bxf7+ Kxf7 8. Ne5+ Kf8 9. Bxf4 gxf4 10. Qh5 Qe8
11. Qf5+ Nf6 12. Nc3 d6 13. Nd5 Bxf5
0-1

[Event "king's gambit for all"]
[Site "SchemingMind.com"]
[Date "2005.02.11"]
[Round "-"]
[White "Tyler"]
[Black "Spohn"]
[Result "1-0"]
[WhiteCountry "SUI"]
[BlackCountry "USA"]
[WhiteElo "1642"]
[WhiteRD "86"]
[BlackElo "1599"]
[BlackRD "58"]
[GameID "8665"]

1. e4 e5 2. f4 exf4 3. Nf3 h6 4. d4 g5 5. Bc4 Bg7 6. Nc3 g4 7. Bxf4 gxf3 8. Qxf3 Nf6 9. O-O-O O-O 10. e5 Nh7
11. Qh5 a5 12. Rd3 Nc6 13. Rg3 Ng5 14. Bxg5 hxg5 15. Rxg5 Nxd4 16. Rf1 Ne6 17. Bxe6 fxe6 18. Re1 Qe8 19. Qh6 Qe7 20. Ne4 a4
21. h4 Rf5 22. Nf6+ Rxf6 23. exf6
1-0

[Event "king's gambit for all"]
[Site "SchemingMind.com"]
[Date "2005.02.15"]
[Round "-"]
[White "Jim"]
[Black "refutor"]
[Result "0-1"]
[WhiteCountry "ENG"]
[BlackCountry "CAN"]
[WhiteElo "1519"]
[WhiteRD "78"]
[BlackElo "1516"]
[BlackRD "54"]
[GameID "8757"]

1. e4 e5 2. f4 exf4 3. Nf3 g5 4. Bc4 g4 5. O-O gxf3 6. d4 d6 7. Qxf3 Qf6 8. Qh5 Qxd4+ 9. Kh1 Qxc4 10. Nd2 Qc5
11. Qh4 Be6 12. Qxf4 Bh6
0-1

[Event "king's gambit for all"]
[Site "SchemingMind.com"]
[Date "2005.02.15"]
[Round "-"]
[White "Jim"]
[Black "Tyler"]
[Result "1-0"]
[WhiteCountry "ENG"]
[BlackCountry "SUI"]
[WhiteElo "1571"]
[WhiteRD "78"]
[BlackElo "1654"]
[BlackRD "80"]
[GameID "8759"]

1. e4 e5 2. f4 exf4 3. Nf3 d6 4. Nc3 Nf6 5. d4 Be7 6. Bxf4 O-O 7. Qd3 Bg4 8. O-O-O Nbd7 9. h3 Bxf3 10. gxf3 Nh5
11. Bh2 Bg5+ 12. Kb1 Nb6 13. Qe2 Nf4 14. Bxf4 Bxf4 15. Rg1 Qd7 16. Rg4 Bh6 17. Qg2 g6 18. h4 Bg7 19. h5 Nc4 20. Bxc4 Kh8
21. hxg6 fxg6 22. b3 a6 23. Ne2 b5 24. Bd3 c5 25. dxc5 dxc5 26. Nf4 Qd4 27. Nxg6+ hxg6 28. Qh3+ Kg8 29. Bc4+ bxc4 30. Rxd4 cxd4
31. Rxg6 d3 32. Qe6+ Kh8 33. Qd7 dxc2+ 34. Kxc2 cxb3+ 35. axb3 Rfc8+ 36. Kb1 Bh6 37. Rxh6+ Kg8 38. Rg6+ Kf8 39. Qg7+ Ke8 40. Qh8+ Kd7
41. Qh7+
1-0

[Event "king's gambit for all"]
[Site "SchemingMind.com"]
[Date "2005.02.14"]
[Round "-"]
[White "refutor"]
[Black "Jim"]
[Result "0-1"]
[WhiteCountry "CAN"]
[BlackCountry "ENG"]
[WhiteElo "1418"]
[WhiteRD "62"]
[BlackElo "1571"]
[BlackRD "78"]
[GameID "8760"]

1. e4 e5 2. f4 exf4 3. Nf3 Nc6 4. Nc3 d6 5. d4 Bg4 6. Bb5 a6 7. Bxc6+ bxc6 8. O-O Nf6 9. Bxf4 Be7 10. h3 Bxf3
11. Qxf3 O-O 12. e5 dxe5 13. dxe5 Nd5 14. Nxd5 cxd5 15. Rad1 c6 16. c4 Qb6+ 17. Be3 Bc5 18. Bxc5 Qxc5+ 19. Kh1 Qxc4 20. b3 Qc2
21. Rf2 Qc5 22. Rdf1 Ra7 23. e6 f6 24. Qg3 Qd4 25. Rf4 Qb2 26. R1f2 Qa1+
0-1

[Event "king's gambit for all"]
[Site "SchemingMind.com"]
[Date "2005.02.14"]
[Round "-"]
[White "Spohn"]
[Black "Jim"]
[Result "1-0"]
[WhiteCountry "USA"]
[BlackCountry "ENG"]
[WhiteElo "1669"]
[WhiteRD "59"]
[BlackElo "1519"]
[BlackRD "78"]
[GameID "8761"]

1. e4 e5 2. f4 Nc6 3. Nf3 d6 4. Bc4 exf4 5. d4 Qe7 6. O-O b6 7. Bb5 Bd7 8. Bxf4 O-O-O 9. Nc3 Kb8 10. Qe2 h6
11. Nd5 Qe8 12. e5 dxe5 13. dxe5 Bc5+ 14. Kh1 f6 15. exf6 Nxf6 16. Bxc7+ Kc8 17. Ba6#
1-0

[Event "king's gambit for all"]
[Site "SchemingMind.com"]
[Date "2005.02.14"]
[Round "-"]
[White "Tyler"]
[Black "Jim"]
[Result "1-0"]
[WhiteCountry "SUI"]
[BlackCountry "ENG"]
[WhiteElo "1654"]
[WhiteRD "80"]
[BlackElo "1571"]
[BlackRD "78"]
[GameID "8762"]

1. e4 e5 2. f4 Bc5 3. d3 Bxg1 4. Rxg1 Qh4+ 5. g3 Qxh2 6. Rg2 Qh6 7. fxe5 Qb6 8. Qf3 Nc6 9. Qh5 Nd4 10. Na3 g6
11. Qd1 h5 12. Nc4 Qe6 13. Be3 Nc6 14. d4 Qg4 15. Qxg4 hxg4 16. O-O-O b6 17. d5 Nb4 18. a3 Na6 19. d6 c6 20. Bg5 Rh5
21. Bf6 Nc5 22. Bd3 Bb7 23. Ne3 Nxf6 24. exf6 Nxd3+ 25. cxd3 Rg5 26. Rh1 O-O-O 27. Rh7 Ba6 28. Kd2 Rf8 29. Rgh2 Rh5 30. Nxg4 Rxh7
31. Rxh7 c5 32. b3 Kb7 33. Ne5 Kc8 34. Rxf7 Re8 35. Nxd7 Re6 36. Nf8 Rxd6 37. Rxa7 Bxd3 38. Ke3 Rxf6 39. Kxd3 Rxf8 40. Ra8+
1-0

[Event "king's gambit for all"]
[Site "SchemingMind.com"]
[Date "2005.02.15"]
[Round "-"]
[White "Philip"]
[Black "Jim"]
[Result "0-1"]
[WhiteCountry "INT"]
[BlackCountry "ENG"]
[WhiteElo "1419"]
[WhiteRD "70"]
[BlackElo "1517"]
[BlackRD "78"]
[GameID "8764"]

1. e4 e5 2. f4 exf4 3. Nf3 d6 4. Be2 Nf6 5. d3 Nc6 6. Bxf4 Bd7 7. Nc3 Qe7 8. Nd5 Nxd5 9. exd5 Ne5 10. Nxe5 dxe5
11. Bg3 Qb4+ 12. Kf1 Qd4 13. c3 Qxd5 14. Bf3 Qb5 15. Qe2 Bd6 16. c4 Qb6 17. Bxe5 O-O-O 18. Bxg7 Rde8 19. Qc2 Rhg8 20. Bc3 Be5
21. Bxe5 Rxe5 22. d4 Qxd4 23. Rd1 Qf4 24. Qd3 Bc6 25. Qxh7 Qxc4+ 26. Kf2 Qc5+ 27. Kf1 Bb5+ 28. Rd3 Qc1+ 29. Kf2 Qc2+
0-1

[Event "king's gambit for all"]
[Site "SchemingMind.com"]
[Date "2005.02.15"]
[Round "-"]
[White "Philip"]
[Black "refutor"]
[Result "0-1"]
[WhiteCountry "INT"]
[BlackCountry "CAN"]
[WhiteElo "1469"]
[WhiteRD "76"]
[BlackElo "1516"]
[BlackRD "54"]
[GameID "8765"]

1. e4 e5 2. f4 exf4 3. Nf3 g5 4. h3 d6 5. d3 Nc6 6. Nc3 Be6 7. d4 d5 8. e5 Bb4 9. Bb5 Bxc3+ 10. bxc3 h6
11. Ba3 Ne7 12. Qd2 a6 13. Bd3 Qd7 14. O-O-O O-O-O 15. h4 Nf5 16. Bxf5 Bxf5 17. hxg5 hxg5 18. Rxh8 Rxh8 19. Nxg5 Rg8 20. Qxf4 Na5
21. g4 Bxg4 22. Nf3 Nc4 23. Rg1 Nxa3 24. Rxg4 Rxg4 25. Qh6 Qa4 26. Qf8+ Kd7 27. Qxf7+ Kd8 28. Qxd5+ Qd7 29. Qxb7 Qb5 30. Qxb5 Nxb5
31. Kb2 Ke7 32. a4 Na7 33. Kb3 Nc6 34. Kc4 Rg3 35. Ne1 Re3 36. Nd3 Re2 37. Kc5 Na5 38. Nb4 Nb7+ 39. Kc6 Na5+ 40. Kxc7 Nc4
41. Nxa6 Rxc2 42. Nb4 Rc1 43. Nd5+ Ke6 44. Kc6 Na5+ 45. Kc5 Nb3+ 46. Kc6 Nxd4+ 47. Kc5 Nb3+ 48. Kc4 Na5+ 49. Kd4 Nb3+ 50. Kc4 Kxe5
51. Kxb3 Kxd5
0-1

[Event "king's gambit for all"]
[Site "SchemingMind.com"]
[Date "2005.02.15"]
[Round "-"]
[White "Philip"]
[Black "Tyler"]
[Result "0-1"]
[WhiteCountry "INT"]
[BlackCountry "SUI"]
[WhiteElo "1419"]
[WhiteRD "70"]
[BlackElo "1642"]
[BlackRD "86"]
[GameID "8767"]

1. e4 e5 2. f4 exf4 3. Nf3 g6 4. d4 Bg7 5. Bxf4 Ne7 6. Bc4 O-O 7. O-O d6 8. Qd2 Bg4 9. Bh6 Nd7 10. Bxg7 Kxg7
11. Ne1 f5 12. e5 dxe5 13. dxe5 Nxe5 14. Qc3 Nc6 15. Nd3 Qf6 16. Nxe5 Nxe5 17. Qb4 c5 18. Qxb7+ Kh6 19. Qa6 Nxc4 20. Qxc4 Qxb2
21. Nd2 Qd4+ 22. Qxd4 cxd4 23. h3 Be2 24. Rfc1 d3 25. c4 Rfc8 26. c5 Rc6 27. Kf2 Rac8 28. Nb3 Rd8 29. Nd2 Rd5 30. a4 Rdxc5
31. Rxc5 Rxc5 32. Ke3 Re5+ 33. Kd4 Re7 34. Rb1 Rd7+ 35. Kc5 Rc7+ 36. Kd4 Rc2 37. Nb3 d2 38. Nxd2 Rxd2+ 39. Ke3 Ra2 40. Rb4 Bd1
41. Rh4+ Kg7 42. g3 Rxa4 43. Rxa4 Bxa4 44. Kd4 Kf6 45. h4 a6 46. Kd5 Bb5 47. Kd6 h6
0-1

[Event "king's gambit for all"]
[Site "SchemingMind.com"]
[Date "2005.02.15"]
[Round "-"]
[White "refutor"]
[Black "Philip"]
[Result "0-1"]
[WhiteCountry "CAN"]
[BlackCountry "INT"]
[WhiteElo "1516"]
[WhiteRD "54"]
[BlackElo "1469"]
[BlackRD "76"]
[GameID "8769"]

1. e4 e5 2. f4 d5 3. exd5 e4 4. Bb5+ Nd7 5. Qe2 Nf6 6. d3 c6 7. dxc6 bxc6 8. Bc4 Nb6 9. Bb3 Bg4 10. Qe3 Nbd5
11. Bxd5 cxd5 12. h3 Be6 13. dxe4 dxe4 14. Nc3 Bb4 15. Bd2 O-O 16. O-O-O Qa5 17. a3 Bxa3 18. Nxe4 Bxb2+ 19. Kxb2 Rab8+ 20. Kc1 Qa1#
0-1

[Event "king's gambit for all"]
[Site "SchemingMind.com"]
[Date "2005.02.15"]
[Round "-"]
[White "Spohn"]
[Black "Philip"]
[Result "1-0"]
[WhiteCountry "USA"]
[BlackCountry "INT"]
[WhiteElo "1669"]
[WhiteRD "59"]
[BlackElo "1469"]
[BlackRD "76"]
[GameID "8770"]

1. e4 e5 2. f4 d5 3. exd5 e4 4. Nc3 Nf6 5. d3 exd3 6. Bxd3 Bc5 7. Qe2+ Qe7 8. Qxe7+ Bxe7 9. Nf3 Bc5 10. Bd2 O-O
11. O-O-O c6 12. dxc6 Nxc6 13. h3 Nb4 14. Bc4 a6 15. a3 Nc6 16. g4 b5 17. Ba2 b4 18. Na4 bxa3 19. Nxc5 axb2+ 20. Kxb2 Rb8+
21. Ka1 Nd7 22. Be3 Nxc5 23. Bxc5 Re8 24. Ng5 Re2 25. Bxf7+ Kh8 26. Bc4 Rxc2 27. Nf7+
1-0

[Event "king's gambit for all"]
[Site "SchemingMind.com"]
[Date "2005.02.23"]
[Round "-"]
[White "Raimondi"]
[Black "Philip"]
[Result "1-0"]
[WhiteCountry "PER"]
[BlackCountry "INT"]
[WhiteElo "1608"]
[WhiteRD "69"]
[BlackElo "1469"]
[BlackRD "76"]
[GameID "9219"]

1. e4 e5 2. f4 d5 3. exd5 e4 4. Nc3 Nf6 5. Bc4 Bd6 6. d3 Bg4 7. Nge2 exd3 8. Qxd3 O-O 9. O-O Bc5+ 10. Kh1 Nbd7
11. h3 Nb6 12. hxg4 Nxc4 13. Qxc4 Nxg4 14. g3 Be3 15. Rf3 Nf2+ 16. Kg2 Bxc1 17. Rxc1 Ng4 18. Rh1 Nh6 19. f5 Qg5 20. Ne4 Nxf5
21. Nxg5
1-0

[Event "king's gambit for all"]
[Site "SchemingMind.com"]
[Date "2005.02.23"]
[Round "-"]
[White "Raimondi"]
[Black "Jim"]
[Result "1/2-1/2"]
[WhiteCountry "PER"]
[BlackCountry "ENG"]
[WhiteElo "1572"]
[WhiteRD "65"]
[BlackElo "1517"]
[BlackRD "78"]
[GameID "9220"]

1. e4 e5 2. f4 exf4 3. Nf3 Be7 4. Nc3 g5 5. Bc4 Nc6 6. d4 Bb4 7. h4 d6 8. Nxg5 Qf6 9. Qh5 Nh6 10. O-O Qxd4+
11. Kh1 Qxc4 12. Bxf4 Bg4 13. Qxh6 O-O-O 14. Nxf7 Qxf7 15. Bg5 Qg6 16. Qxg6 hxg6 17. Bxd8 Nxd8 18. g3 g5 19. Kg2 gxh4 20. Rf4 h3+
21. Kh2 Be6 22. Nd5 Bc5 23. c3 Nf7 24. Raf1 Rh7 25. Rf6 Kd7 26. b3 c6 27. Nf4 Nd8 28. Nxe6 Nxe6 29. Rf7+ Rxf7 30. Rxf7+ Ke8
31. Rxb7 Ng5 32. Rc7 Nxe4 33. c4 Ng5 34. Rg7 Be3 35. Rc7= Kd8 36. Rg7 Kc8=
1/2-1/2

[Event "king's gambit for all"]
[Site "SchemingMind.com"]
[Date "2005.02.23"]
[Round "-"]
[White "Raimondi"]
[Black "refutor"]
[Result "1-0"]
[WhiteCountry "PER"]
[BlackCountry "CAN"]
[WhiteElo "1573"]
[WhiteRD "67"]
[BlackElo "1418"]
[BlackRD "62"]
[GameID "9221"]

1. e4 e5 2. f4 exf4 3. Nf3 g5 4. h4 g4 5. Ne5 d6 6. Nxg4 Nf6 7. Nxf6+ Qxf6 8. Nc3 c6 9. Be2 Bg7 10. d3 Be6
11. O-O Nd7 12. Rxf4 Qd4+ 13. Kh1 Be5 14. Rf1 O-O-O 15. Bh5 Bf6 16. Bh6 Bxh4 17. Bxf7 Bxf7 18. Rxf7 Kb8 19. Qg4 Ne5 20. Rxb7+ Kxb7
21. Qxh4 Rde8 22. Rf1 Ng6 23. Qg4 Re7 24. Qg5 Qe5 25. Qxe5 Nxe5 26. Ne2 Ng4 27. Bf4 Rf7 28. Kg1 Rhf8 29. Re1 h5 30. Bxd6 Rh8
31. e5 Re8 32. d4 Ne3 33. c3 Nc4 34. b3 Nxd6 35. exd6 Rd7 36. Kf2 Rxd6 37. Nf4 Rf8 38. g3 h4 39. Re4 hxg3+ 40. Kxg3
1-0

[Event "king's gambit for all"]
[Site "SchemingMind.com"]
[Date "2005.02.23"]
[Round "-"]
[White "Raimondi"]
[Black "Spohn"]
[Result "0-1"]
[WhiteCountry "PER"]
[BlackCountry "USA"]
[WhiteElo "1608"]
[WhiteRD "69"]
[BlackElo "1669"]
[BlackRD "59"]
[GameID "9222"]

1. e4 e5 2. f4 Nc6 3. Nf3 Bc5 4. Bc4 d6 5. c3 Be6 6. Bxe6 fxe6 7. d4 exd4 8. cxd4 Bb6 9. O-O Qe7 10. Kh1 O-O-O
11. Nc3 Nf6 12. a4 h5 13. b3 Ba5 14. e5 Bxc3 15. exf6 Qxf6 16. Rb1 Nxd4 17. Be3 Nxf3 18. Rxf3 Bb4 19. Rc1 Kb8 20. Rc4 a5
21. h3 Rhe8 22. Bd2 Bxd2 23. Qxd2 b6 24. Rc6 Kb7 25. Rfc3 Rd7 26. Qe3 e5 27. Qf3 Kb8 28. Qxh5 g6 29. Qg4 Qf5 30. Qxf5 gxf5
31. fxe5 dxe5 32. Rf6 f4 33. g4 fxg3 34. Rxg3 e4 35. Re3 Rd3 36. Rff3 exf3 37. Rxd3 Rf8 38. Kg1 f2+ 39. Kf1 Kb7 40. h4 Kc6
41. h5 Kc5 42. h6 Rh8 43. Kxf2 Rxh6 44. Ke2 Rh2+ 45. Kd1 Kb4 46. Kc1 c5 47. Kb1 c4 48. Rd6 cxb3 49. Rxb6+ Ka3 50. Kc1 Rh1+
51. Kd2 b2 52. Kc2 Rc1+
0-1

[Event "king's gambit for all"]
[Site "SchemingMind.com"]
[Date "2005.02.23"]
[Round "-"]
[White "Raimondi"]
[Black "Tyler"]
[Result "1-0"]
[WhiteCountry "PER"]
[BlackCountry "SUI"]
[WhiteElo "1572"]
[WhiteRD "65"]
[BlackElo "1642"]
[BlackRD "86"]
[GameID "9223"]

1. e4 e5 2. f4 exf4 3. Nf3 d6 4. d4 Be7 5. Bxf4 Bg4 6. Bd3 Nc6 7. c3 Qd7 8. O-O O-O-O 9. b4 f5 10. Nbd2 Nf6
11. h3 fxe4 12. Nxe4 Nxe4 13. Bxe4 Bh5 14. Qb3 Rhf8 15. Nd2 Bf7 16. Qa4 a6 17. b5 Nb8 18. Rab1 d5 19. Bd3 axb5 20. Bxb5 c6
21. Qa8 Bd6 22. Bxd6 Qxd6 23. Ba6 bxa6 24. Qb7#
1-0

[Event "king's gambit for all"]
[Site "SchemingMind.com"]
[Date "2005.02.23"]
[Round "-"]
[White "Philip"]
[Black "Raimondi"]
[Result "0-1"]
[WhiteCountry "INT"]
[BlackCountry "PER"]
[WhiteElo "1469"]
[WhiteRD "76"]
[BlackElo "1608"]
[BlackRD "69"]
[GameID "9224"]

1. e4 e5 2. f4 d5 3. Qh5 Nf6 4. Qxe5+ Be7 5. exd5 Nbd7 6. Qd4 Nb6 7. c4 c6 8. Nc3 cxd5 9. c5 Nbd7 10. Bb5 O-O
11. Nxd5 Nxd5 12. Qxd5 Nxc5 13. Qxd8 Rxd8 14. Nf3 a6 15. Bc4 b5 16. Bxf7+ Kxf7 17. Ne5+ Kg8 18. O-O Nd3 19. Nc6 Bc5+ 20. Kh1 Re8
21. h3 Bb7 22. Ne5 Nxe5 23. fxe5 Rxe5 24. d3 Rd8 25. Bf4 Re2
0-1

[Event "king's gambit for all"]
[Site "SchemingMind.com"]
[Date "2005.02.23"]
[Round "-"]
[White "Jim"]
[Black "Raimondi"]
[Result "0-1"]
[WhiteCountry "ENG"]
[BlackCountry "PER"]
[WhiteElo "1517"]
[WhiteRD "78"]
[BlackElo "1572"]
[BlackRD "65"]
[GameID "9225"]

1. e4 e5 2. f4 exf4 3. Nf3 g5 4. Bc4 g4 5. O-O gxf3 6. d4 d5 7. Bxd5 c6 8. Bc4 Bg7 9. c3 Bg4 10. gxf3 Bh3
11. Rf2 Bh6 12. Qb3 Qg5+ 13. Kh1 Qg6 14. Qxb7 Nf6 15. Qxa8 Nd7 16. Qxa7 Rg8
0-1

[Event "king's gambit for all"]
[Site "SchemingMind.com"]
[Date "2005.02.23"]
[Round "-"]
[White "refutor"]
[Black "Raimondi"]
[Result "1-0"]
[WhiteCountry "CAN"]
[BlackCountry "PER"]
[WhiteElo "1449"]
[WhiteRD "57"]
[BlackElo "1572"]
[BlackRD "65"]
[GameID "9226"]

1. e4 e5 2. f4 exf4 3. Nf3 g5 4. Bc4 g4 5. O-O gxf3 6. Qxf3 Qe7 7. d4 Nc6 8. c3 Ne5 9. dxe5 Qc5+ 10. Kh1 Qxc4
11. Qxf4 d6 12. Na3 Qe6 13. Nb5 Qd7 14. exd6 Bxd6 15. Nxd6+ cxd6 16. Be3 h6 17. Rad1 Qe6 18. Rxd6 Qe7 19. Rfd1 Be6 20. e5 f5
21. Qa4+ Kf7 22. Rd7 Bxd7 23. Rxd7 Qxd7 24. Qxd7+ Ne7 25. e6+ Kf8 26. Bc5 Rh7 27. Qxb7 Rd8 28. h3 Ke8 29. Qxa7 Rg7 30. a4 f4
31. a5 Nf5 32. Qb6
1-0

[Event "king's gambit for all"]
[Site "SchemingMind.com"]
[Date "2005.02.23"]
[Round "-"]
[White "Spohn"]
[Black "Raimondi"]
[Result "0-1"]
[WhiteCountry "USA"]
[BlackCountry "PER"]
[WhiteElo "1669"]
[WhiteRD "59"]
[BlackElo "1608"]
[BlackRD "69"]
[GameID "9227"]

1. e4 e5 2. f4 exf4 3. Nf3 g5 4. Bc4 g4 5. O-O gxf3 6. d4 d6 7. Qxf3 Bg7 8. Qh5 Bxd4+ 9. Kh1 Qe7 10. Bxf4 Nf6
11. Qh4 Be6 12. Bxe6 Qxe6 13. c3 Bc5 14. Nd2 Nbd7 15. Nf3 Qg4 16. Qxg4 Nxg4 17. Bg3 h6 18. h3 Nge5 19. Nd4 O-O-O 20. b4 Bxd4
21. cxd4 Nc6 22. Rxf7 Nxd4 23. Rf2 Rde8
0-1

[Event "king's gambit for all"]
[Site "SchemingMind.com"]
[Date "2005.02.23"]
[Round "-"]
[White "Tyler"]
[Black "Raimondi"]
[Result "1-0"]
[WhiteCountry "SUI"]
[BlackCountry "PER"]
[WhiteElo "1642"]
[WhiteRD "86"]
[BlackElo "1572"]
[BlackRD "65"]
[GameID "9228"]

1. e4 e5 2. f4 exf4 3. Nf3 d6 4. Bc4 h6 5. O-O Bg4 6. h3 Bh5 7. d4 Nc6 8. Bxf4 Nf6 9. Re1 Be7 10. c3 O-O
11. Nbd2 Rc8 12. g4 Bg6 13. e5 dxe5 14. Nxe5 Nxe5 15. Bxe5 Bd6 16. Qb3 Bxe5 17. Rxe5 Qd7 18. Rae1 Qc6 19. Bb5 Qd6 20. Nc4 Qd8
21. Na5 Rb8 22. Bc4 c6 23. Nxb7 Bc2 24. Nxd8 Bxb3 25. Bxb3 Rbxd8 26. Re7 Ra8 27. Rc7
1-0